00421nam a2200193Ia 4500003000900000008004100009040001300050040001300063041000800076100002100084245003200105250000900137260002100146260000900167300001100176300001000187490002300197490000700220IT-RoPAU120407s9999 xx 000 0 und d aIT-RoPAU cIT-RoPAU aita aJacques Maritain aAlla ricerca di Dio. 3a ed. aRoma aEdizioni Paoline c1963 a116 p. c18 cm aPhilosophica saggi v12